| 000 | 00686nam a22002057a 4500 | ||
|---|---|---|---|
| 003 | 0 | ||
| 005 | 20250912164529.0 | ||
| 008 | 250912b xxu||||| |||| 00| 0 eng d | ||
| 020 | _a978-1-98469-524-6 | ||
| 050 |
_aQA 76.585 _b.S74 2025 |
||
| 100 |
_aStewart, Owen, _eauthor. |
||
| 245 |
_aCloud computing architectures and solutions / _cOwen Stewart. |
||
| 260 |
_aNew York, NY : _b3G E-Learning LLC, _c2025. |
||
| 300 |
_axx, 297 pages : _bcolored illustrations ; _c26 cm. |
||
| 504 | _aIncludes bibliographical references and index. | ||
| 650 | _aCloud computing. | ||
| 650 | _aComputer architecture. | ||
| 650 | _aDistributed processing (Electronic computers). | ||
| 942 |
_2lcc _cBK |
||
| 999 |
_c367937 _d367937 |
||